<?xml version="1.0" encoding="UTF-8"?>
<record
    xmlns:xsi="http://www.w3.org/2001/XMLSchema-instance"
    xsi:schemaLocation="http://www.loc.gov/MARC21/slim http://www.loc.gov/standards/marcxml/schema/MARC21slim.xsd"
    xmlns="http://www.loc.gov/MARC21/slim">

  <leader>02540nam a2200205Ia 4500</leader>
  <controlfield tag="003">OSt</controlfield>
  <controlfield tag="005">20210805143934.0</controlfield>
  <controlfield tag="008">210310s1984    ck     gr     100 0 spa d</controlfield>
  <datafield tag="040" ind1=" " ind2=" ">
    <subfield code="a">CO-JMCR</subfield>
    <subfield code="c">CO-JMCR</subfield>
  </datafield>
  <datafield tag="041" ind1="0" ind2=" ">
    <subfield code="a">spa</subfield>
  </datafield>
  <datafield tag="082" ind1="0" ind2="4">
    <subfield code="a">332.673 /</subfield>
    <subfield code="b">F727c</subfield>
    <subfield code="2">23</subfield>
  </datafield>
  <datafield tag="111" ind1="2" ind2=" ">
    <subfield code="a">Foro de inversionistas</subfield>
    <subfield code="n">(1er : </subfield>
    <subfield code="d">1984 julio 2-5  : </subfield>
    <subfield code="c">Bogot&#xE1;)</subfield>
    <subfield code="9">39112</subfield>
  </datafield>
  <datafield tag="245" ind1="1" ind2="0">
    <subfield code="a">Colombia : </subfield>
    <subfield code="b">un pa&#xED;s para invertir /</subfield>
    <subfield code="c">Foro de inversionistas</subfield>
  </datafield>
  <datafield tag="260" ind1=" " ind2=" ">
    <subfield code="a">Bogot&#xE1; : </subfield>
    <subfield code="b">Departamento Nacional de Planeaci&#xF3;n, </subfield>
    <subfield code="c">1984</subfield>
  </datafield>
  <datafield tag="300" ind1=" " ind2=" ">
    <subfield code="a">161 p&#xE1;ginas ; </subfield>
    <subfield code="c">23 cm.</subfield>
  </datafield>
  <datafield tag="505" ind1="0" ind2=" ">
    <subfield code="t">"Proyecci&#xF3;n de Colombia en la Econom&#xED;a Internacional". Discurso de instalaci&#xF3;n a cargo del Se&#xF1;or Presidente de la Rep&#xFA;blica, Doctor Belisario Betancur
</subfield>
    <subfield code="r">Belisario Betancur</subfield>
    <subfield code="t">"Colombia, un pa&#xED;s para invertir". Palabras del Jefe del Departamento Nacional de Planeaci&#xF3;n / 
</subfield>
    <subfield code="r">Doctor Jorge Ospina Sardi</subfield>
    <subfield code="t">"Las Naciones Unidas y el Foro de Inversionistas". Palabras del Representante Residente en Colombia del Programa de Naciones Unidas para el Desarrollo / </subfield>
    <subfield code="r">Luis Thais</subfield>
    <subfield code="t">"La Pol&#xED;tica Industrial y el Sector Externo". Presentaci&#xF3;n a cargo del Se&#xF1;or Ministro de Desarrollo Econ&#xF3;mico / </subfield>
    <subfield code="r">Doctor Rodrigo Mar&#xED;n Bernal
</subfield>
    <subfield code="t">"La Pol&#xED;tica de Exportaciones". Presentaci&#xF3;n a cargo del Director del Fondo de Promoci&#xF3;n de Exportaciones / 
</subfield>
    <subfield code="r">Doctor Alberto Schlesinger</subfield>
    <subfield code="t">"Oportunidades de Inversi&#xF3;n en el Sector Industrial". Presentaci&#xF3;n del Presidente de Direcci&#xF3;n General de la Asociaci&#xF3;n Nacional de Industriales ANDI / </subfield>
    <subfield code="r">Doctor Adolfo Arango</subfield>
    <subfield code="t">"El Empresario Agr&#xED;cola frente a la Inversi&#xF3;n Extranjera" Presentaci&#xF3;n del Presidente de la Junta Directiva de la Sociedad de Agricultores de Colombia, SAC / </subfield>
    <subfield code="r">Doctor Carlos Ossa
</subfield>
    <subfield code="t">"L&#xED;neas de Cr&#xE9;dito y Financiamiento en Colombia". Presentaci&#xF3;n del Presidente de la Corporaci&#xF3;n Financiera del Norte / 



</subfield>
    <subfield code="r">Doctor &#xC1;lvaro Jaramillo Vengoechea
</subfield>
    <subfield code="t">"IFC's Role in Colombia and the other Developing Countries". Palabras del Director del Departamento de Inversiones para Am&#xE9;rica
Latina y el Caribe de la Corporaci&#xF3;n Financiera Internacional / 
</subfield>
    <subfield code="r">Doctor Giovanni Vacchelli</subfield>
    <subfield code="t">"El Sector de Minas y Energ&#xED;a en Colombia y las Posibilidades para la Inversi&#xF3;n Internacional". Presentaci&#xF3;n del Se&#xF1;or Ministro de Minas y Energ&#xED;a / </subfield>
    <subfield code="r">Doctor Carlos Mart&#xED;nez Simahan</subfield>
    <subfield code="t">"Pol&#xED;ticas para la Austeridad y el Porvenir". Presentaci&#xF3;n del director del Instituto Colombiano de Comercio Exterior / </subfield>
    <subfield code="r">Doctor Gustavo Tob&#xF3;n Londo&#xF1;o</subfield>
  </datafield>
  <datafield tag="650" ind1="1" ind2="4">
    <subfield code="a">Inversi&#xF3;n extranjera</subfield>
    <subfield code="9">16749</subfield>
    <subfield code="z">Colombia</subfield>
  </datafield>
  <datafield tag="650" ind1="2" ind2="4">
    <subfield code="a">Pol&#xED;tica econ&#xF3;mica</subfield>
    <subfield code="z">Colombia</subfield>
    <subfield code="9">39113</subfield>
  </datafield>
  <datafield tag="942" ind1=" " ind2=" ">
    <subfield code="2">ddc</subfield>
    <subfield code="c">BK</subfield>
  </datafield>
  <datafield tag="999" ind1=" " ind2=" ">
    <subfield code="c">8250</subfield>
    <subfield code="d">8250</subfield>
  </datafield>
  <datafield tag="952" ind1=" " ind2=" ">
    <subfield code="0">0</subfield>
    <subfield code="1">0</subfield>
    <subfield code="2">ddc</subfield>
    <subfield code="4">0</subfield>
    <subfield code="7">0</subfield>
    <subfield code="8">NFIC</subfield>
    <subfield code="a">CPL</subfield>
    <subfield code="b">CPL</subfield>
    <subfield code="d">2018-04-15</subfield>
    <subfield code="e">Donaci&#xF3;n</subfield>
    <subfield code="l">1</subfield>
    <subfield code="o">332.673 / F727c</subfield>
    <subfield code="p">430002830</subfield>
    <subfield code="r">2024-05-16 00:00:00</subfield>
    <subfield code="s">2024-01-26</subfield>
    <subfield code="t">Ej.1</subfield>
    <subfield code="y">BK</subfield>
  </datafield>
</record>
